000
00312nam a22001457a 4500
008
210310b ||||| |||| 00| 0 eng d
020
_a
9780536451347
041
_a
eng
080
_2
9th
_a
579
_x
082
_a
579
100
_a
11
101
_a
MIK
245
_a
Microbiology
_c
Tortora,G.J
942
_2
udc
_c
BK
999
_c
56201
_d
56201